banner-ar

التوجه الصينى نحو الهيمنة العالمية : (Record no. 63804)

MARC details
000 -الفاتح
حقل البيانات ثابتة الطول 01272nam a22002777a 4500
005 - وقت وتاريخ اخر تعامل مع التسجيلة
رقم الضبط 20240530110659.0
008 - عناصر البيانات ثابتة الطول - معلومات عامة
حقل البيانات ثابتة الطول 171225s2015 ua a g b 000 0dara d
017 ## - رقم الايداع القانونى
رقم الايداع القانونى 2015/5542
المصدر ( الهيئة المختصة) مصر. دار الكتب
020 ## - الرقم الدولى المعيارى للكتب
الرقم الدولى المعيارى للكتاب 9789779201771
040 ## - مصدر الفهرسة
وكالة الفهرسة الأصلية EG-CaGPL
وكالة النسخ EG-CaGPL
082 04 - رقم تصنيف ديوى العشرى
رقم الطبعة 21
رقم التصنيف 338.9\
رقم المادة ب ت
100 1# - المدخل الرئيسى - إسم شخصى
الإسم الشخصى برونيه ، انطوان
245 12 - بيان العنوان
العنوان التوجه الصينى نحو الهيمنة العالمية :
بقية العنوان الامبريالية الاقتصادية /
بيان المسئوليه,etc تأليف انطوان برونيه ، جون بول جيشار ؛ ترجمة عادل عبدالعزيز احمد .
250 ## - بيان الطبعة
بيان الطبعة ط.1
260 ## - PUBLICATION, DISTRIBUTION, ETC. (IMPRINT)
تاريخ النشر أو التوزيع 2016 .
300 ## - الوصف المادى
التعداد 298 ص. ؛
أبعاد الوعاء 24 سم.
490 ## - بيان السلسلة
عنوان السلسلة المركز القومى للترجمة ؛
رقم المجلد/ التعيين التسلسلي 2653
650 07 - المدخل الاضافى بالموضوع-مصطلح موضوعى
مصدر الرأس أو المصطلح qrmak
مصطلح موضوعي الرأسمالية
651 07 - المدخل الاضافى بالموضوع - اسم جغرافى
مصدر الرأس أو المصطلح qrmak
الاسم الجغرافي الصين
التقسيم الفرعي العام الاحوال الاقتصادية
651 07 - المدخل الاضافى بالموضوع - اسم جغرافى
مصدر الرأس أو المصطلح qrmak
الاسم الجغرافي الصين
التقسيم الفرعي العام العلاقات الخارجية
651 07 - المدخل الاضافى بالموضوع - اسم جغرافى
مصدر الرأس أو المصطلح qrmak
الاسم الجغرافي اليابان
التقسيم الفرعي العام الاحوال الاقتصادية
700 1# - المدخل الاضافى - اسم شخصى
الإسم الشخصى جيشار ، جون بول
الدور مؤلف مشارك
700 0# - المدخل الاضافى - اسم شخصى
الإسم الشخصى عادل عبدالعزيز احمد
الدور مترجم
942 ## - عناصر المدخل الإضافي( كوها)
مصدر التصنيف او مخطط الترفيف Dewey Decimal Classification
Koha [default] item type كتاب
260 ## - PUBLICATION, DISTRIBUTION, ETC. (IMPRINT)
-- القاهرة :
-- المركز القومى للترجمة ،
Holdings
حالة التراجع حالة الفقد حالة تلف ليس للاعارة المكان المؤقت الموقع الحالى موقع الترفيف تاريخ الاكتساب اجمالي اﻻعارات رقم الطلب الباركود تاريخ اخر مشاهدة تاريخ تفعيل السعر نوع وعاء كوها
        مكتبة القاهرة الكبرى مكتبة القاهرة الكبرى القاعة الرئيسية 12/30/2017   338.9\ ب ت 163916 12/30/2017 12/30/2017 كتاب

Powered By

EGPV